000 00796nas a2200289 4500
001 BR8904098
003 BR-BrBNA
005 20231205091651.0
007 ta
008 230509b bl.|||p| |||| 00| 00por d
040 _aBR-BrBNA
_bpor
_cBiblioteca Nacional de Agricultura
041 _a(Pt)
072 _aL01; E70
100 1 _aCastro Junior, F.G. de
245 1 _aPerspectivas da producao de carne suina no Brasil
650 _aSUÍNOCULTURA
650 _aSUÍNO
650 _aCARNE
650 _aPRODUCAO
650 _aRENTABILIDADE
650 _aDEMANDA
650 _aCONSUMO
650 _aMERCADO
773 0 _tCasa da Agricultura (Brazil)
_xISSN 0100-6541
_g(Nov-Dec 1988), v. 10(6) p. 14-17
_wBR8904098
909 _a202311
_bLúcia
_c55
_dLúcia Elande
942 _2AGRIS
_n0
_cANA
999 _c126552
_d126552